Hydrologic determination of waterway areas for the design of drainage structures in small drainage basins
Kaydedildi:
| Yazar: | |
|---|---|
| Müşterek Yazar: | |
| Materyal Türü: | Kitap |
| Dil: | English |
| Baskı/Yayın Bilgisi: |
[Urbana : [editor no identificado],
1962]
|
| Seri Bilgileri: | Illinois. University. Engineering experiment station. Bulletin,
University of Illinois (Urbana-Champaign campus) Bulletin, |
| Konular: | |
| Etiketler: |
Etiketle
Etiket eklenmemiş, İlk siz ekleyin!
|
MARC
| LEADER | 00000nam a2200000Ia 4500 | ||
|---|---|---|---|
| 003 | 001856 | ||
| 005 | 20221231143957.0 | ||
| 008 | 140114s1962 ilua 000 ||eng d | ||
| 040 | |c cru CEDI | ||
| 082 | |2 624 .151.36 Ch552h | ||
| 100 | |a Chow, Ven Te |9 20866 | ||
| 245 | |a Hydrologic determination of waterway areas for the design of drainage structures in small drainage basins | ||
| 260 | |a [Urbana : [editor no identificado], |c 1962] | ||
| 300 | |a 104 p. : maps, diagramas., tablas ; 28 cm. | ||
| 440 | |a Illinois. University. Engineering experiment station. Bulletin, |n no. 462 |9 20867 | ||
| 440 | |a University of Illinois (Urbana-Champaign campus) Bulletin, |n v. 59, no. 65 |9 20868 | ||
| 650 | |x DRENAJE |x CUENCAS HIDROGRAFICAS |9 20869 | ||
| 710 | |a University of Illinois (Urbana-Champaign campus). Department of Civil Engineering. |9 20870 | ||
| 942 | |2 ddc |c BK | ||
| 999 | |c 15082 |d 15082 | ||
